000
00328nam a22001337a 4500
008
170817b xxu||||| |||| 00| 0 eng d
020
_a
0070458650
041
_a
eng
080
_a
51
100
_a
36
101
_a
MAT
245
_a
APPLIED MULTIVARIAKE ANAKYSIS AND EXXPERIMENTAL DESIGNS
_c
CARTER.L.F
942
_2
udc
_c
BK
999
_c
23870
_d
23870